000
00299nam a22001337a 4500
008
181121b xxu||||| |||| 00| 0 eng d
020
_a
0669093254
041
_a
eng
080
_a
510
100
_a
39
101
_a
MAT
245
_a
Contemporary Abstract Algebra
_c
Gallian.J.A
942
_2
udc
_c
BK
999
_c
52274
_d
52274